000 00822nam a2200229 i 4500
001 128844
003 ES-MaACL
005 20230906193355.0
007 t|
008 070528s1967 sp ||||1| spa d
080 _a85-2"19"(082)
245 0 0 _aTeatro italiano de vanguardia.
260 _aBarcelona :
_bOccitania,
_c[1967]
300 _a136 p., 3 h. ;
_c21 cm.
505 8 _aContiene: Sigfrido en Stalingrado/ Luigi Candoni.-- Francine/ Mario Moretti.-De dónde venimos?/ Pino Caruso.-- La Marquesa viene a morir/ Pier Benedetto Bertoli.-- El puerto/ Gino d'Alessandro
700 1 _aCandoni, Luigi.
_934472
700 1 _aMoretti, Mario.
_983490
700 1 _aCaruso, Pino.
_935924
700 1 _aBartoli, Pier Benedetto.
_926152
700 1 _aAlessandro, Gino d'.
_919751
852 _aES-MaACL
_jC-32834
_bR.63267
999 _c128844
_d128844